Studying Scientific Metaphor in Translation An Inquiry into Cross-Lingual Translation Practices
Salvato in:
| Autore principale: | |
|---|---|
| Natura: | Libro |
| Lingua: | inglese |
| Pubblicazione: |
Abingdon
Routledge/Taylor & Francis Group
2021
|
| Edizione: | 1st Issued in Paperback |
| Soggetti: | |
| Tags: |
Nessun Tag, puoi essere il primo ad aggiungerne!!
|
MARC
| LEADER | 00000nam a2200000 4500 | ||
|---|---|---|---|
| 001 | 0312878 | ||
| 005 | 20251208103722.8 | ||
| 020 | |a 978-0-367-36632-2 | ||
| 020 | |a 978-1-138-93431-3 | ||
| 041 | 0 | |a eng | |
| 044 | |a GB | ||
| 245 | 1 | 0 | |a Studying Scientific Metaphor in Translation |b An Inquiry into Cross-Lingual Translation Practices |c Mark Shuttleworth |
| 250 | |a 1st Issued in Paperback | ||
| 264 | 1 | |a Abingdon |b Routledge/Taylor & Francis Group |c 2021 | |
| 300 | |a 215 s. | ||
| 610 | 2 | 0 | |a jazykoveda |
| 610 | 2 | 0 | |a jazyky cudzie |
| 610 | 2 | 0 | |a prekladateľstvo |
| 610 | 2 | 0 | |a preklady |
| 610 | 2 | 0 | |a lexikológia |
| 610 | 2 | 0 | |a gramatika |
| 610 | 2 | 0 | |a literatúra |
| 100 | 1 | |a Shuttleworth, Mark | |